| 000 | 00939naa a2200277 c 4500 | ||
|---|---|---|---|
| 001 | 41892 | ||
| 003 | ES-MaCES | ||
| 005 | 20141221114206.0 | ||
| 008 | 110719n2011 sp d t 000 | spa d | ||
| 035 | _aCES20110007849v | ||
| 040 |
_aES-MaCES _bspa _cES-MaCES |
||
| 245 | 0 | 0 | _aAdecuaciones de las pensiones en un contexto de reformas |
| 650 | 4 |
_aanálisis del mercado de mano de obra _930745 |
|
| 650 | 4 |
_adatos estadísticos _930765 |
|
| 650 | 4 |
_acálculo _928872 |
|
| 650 | 4 |
_arégimen de pensión _927042 |
|
| 650 | 4 |
_aprotección social _929076 |
|
| 650 | 4 |
_ajubilación _928360 |
|
| 650 | 4 |
_atasa de salario _928392 |
|
| 650 | 4 |
_atrabajador _928414 |
|
| 653 | 1 | 0 | _aRelaciones laborales-Empleo |
| 773 | 0 |
_tCauces _gn. 16 (primavera 2011: abr.-mayo-jun.){55/1063 R. 079178}; p. 6-19 _w(ES-MaCES)26015 _979344 |
|
| 902 | _aART Artículo de revista | ||
| 942 |
_2CES _cAR _h2.0. |
||
| 999 |
_c41892 _d41892 |
||